Integrated Reporting: Bibliometric Landscape
Rastúci význam nefinančného zverejňovania a rozvoj koncepcie integrovaného výkazníctva si vyžaduje vytvorenie komplexného systematického teoretického zázemia, najmä pomocou bibliometrickej analýzy. Použitie špeciálneho softvéru (VOSviewer, SciVal, Publish alebo Perish, vstavané nástroje na analýzu d...
Na minha lista:
| Autor principal: | |
|---|---|
| Formato: | Capítulo de Livro |
| Idioma: | inglês |
| Assuntos: | |
| Tags: |
Sem tags, seja o primeiro a adicionar uma tag!
|
MARC
| LEADER | 00000naa a2200000 4500 | ||
|---|---|---|---|
| 001 | 0290434 | ||
| 005 | 20240502083939.8 | ||
| 041 | 0 | |a eng | |
| 044 | |a UA | ||
| 245 | 1 | 0 | |a Integrated Reporting: Bibliometric Landscape |c Yuliia Serpeninova |
| 520 | |a Rastúci význam nefinančného zverejňovania a rozvoj koncepcie integrovaného výkazníctva si vyžaduje vytvorenie komplexného systematického teoretického zázemia, najmä pomocou bibliometrickej analýzy. Použitie špeciálneho softvéru (VOSviewer, SciVal, Publish alebo Perish, vstavané nástroje na analýzu databázy v Scopus, Web of Science a Google Scholar; Google Trends a Google Books Ngram Viewer) rozširuje analytické možnosti bibliometrickej analýzy a pomáha pokryť celý rad existujúcich dokumentov o integrovanom podávaní správ. Tento článok zahŕňa najmä: hodnotenie všeobecnej dynamiky publikácií; systematizácia chronologických a regionálnych špecifík publikácií; štúdium tematických špecifík publikácií pomocou analýzy kľúčových slov, tematických oblastí a tematických zoskupení. | ||
| 610 | 2 | 0 | |a účtovníctvo |
| 610 | 2 | 0 | |a analýza dát |
| 610 | 2 | 0 | |a literatúra |
| 610 | 2 | 0 | |a závierka účtovná |
| 610 | 2 | 0 | |a reporting |
| 100 | 1 | |a Serpeninova, Yuliia, 1984- | |